| 000 | 00728nam a2200217 a 4500 | ||
|---|---|---|---|
| 999 |
_c7782 _d7782 |
||
| 001 | 7782 | ||
| 003 | BD-JhCC | ||
| 005 | 20180214090949.0 | ||
| 008 | 180214s1997 bg |||| || | 001 0 ben d | ||
| 035 | _a(BD-JhCC)7782 | ||
| 040 |
_aBD-JhCC _dBD-JhCC |
||
| 041 | _aben | ||
| 082 |
_a954.92 _bMON 1997 |
||
| 100 | _aমঞ্জর, নূরুল ইসলাম | ||
| 245 |
_aবাঙালির ইতিহাস চর্চার ধারা (১৯০১-১৯৫০) / _cনূরুল ইসলাম মঞ্জর, |
||
| 260 |
_aঢাকা : _bবাংলা একাডেমী, _c1997 |
||
| 300 |
_a355 p. : _c22 cm. |
||
| 650 |
_aHistorical Writing _zBangladesh |
||
| 942 |
_2ddc _cBK |
||